Acronymes - 4 lettres - R - Statistiques

Statistiques générales
  • Ce quiz a été pris 22 fois
  • Le résultat moyen est 10 sur 35
Statistiques - réponses
HINT ANSWER % Correct
Transports
86%
Parisiens
76%
Belge
62%
RFID Radio
62%
RTBF Radio
62%
Française
57%
RATP Régie
48%
Télévision
48%
Autonome
43%
Air
24%
Force
24%
Générale
24%
RTFM Read
24%
RAAF Royal
24%
The
24%
The
24%
Against
19%
Frequency
19%
Machine
19%
Publiques
19%
RATM Rage
19%
RGBA Red
19%
RHCP Red
19%
Blue
14%
Chili
14%
Green
14%
Hot
14%
Identification
14%
Peppers
14%
Politiques
14%
RGPP Révision
10%
Australian
5%
Fucking
5%
Manual
5%
Alpha
0%
Aucun quiz correspondant
Distribution des résultats
% des personnes avec chaque résultat
Percentile par nombre de réponses
Votre historique - résultats
Vous n’avez pas pris ce quiz